| 000 | 01536nam0a2200325 4500 | ||
|---|---|---|---|
| 001 | RU\NLR\bibl\967062 | ||
| 005 | 20260406112856.0 | ||
| 010 | _a5-9667-0139-3 | ||
| 021 |
_aRU _b2006-30013 _91495 |
||
| 035 | _a(NLR Aleph) 000955044 | ||
| 090 |
_a303812 _c303812 |
||
| 100 | _a20060712d2006 |||y0rusy50 ca | ||
| 101 | 0 | _arus | |
| 102 | _aRU | ||
| 105 | _ay ||||||||| | ||
| 200 | 1 |
_aРоман И.С. Тургенева "Отцы и дети" _eсистема уроков _fЕлена Полтавец |
|
| 210 |
_aМосква _cЧистые пруды _d2006 |
||
| 215 |
_a29 с. _d21 |
||
| 225 | 1 |
_aБиблиотека "Первого сентября" _iСерия "Литература" _vвып. 1 (7) |
|
| 320 | _aБиблиогр.: с. 28 | ||
| 500 | 1 | 0 |
_6z22702 _aОтцы и дети |
| 604 |
_1700#1$aТургенев$gИван Сергеевич$bИ. С.$f1818 - 1883 _150010$a"Отцы и дети"$xИзучение в школе$2nlr_sh2$3RU\NLR\AUTH\661122397 _aТургенев, Иван Сергеевич (1818 - 1883) _t"Отцы и дети" _xИзучение в школе _91835804 _3RU\NLR\AUTH\661122397 |
||
| 686 | _aЧ426.21,6(2)315.8-Тургенев | ||
| 700 | 1 |
_4070 _8rus _7ca _aПолтавец _bЕ. Ю. _gЕлена Юрьевна _3RU\NLR\auth\7751658 _934591 |
|
| 702 | 1 |
_4070 _8rus _7ca _aТургенев _bИ. С. _f1818-1883 _gИван Сергеевич _3RU\NLR\auth\77102 _9110198 |
|
| 801 | 0 |
_aRU _bNLR _c20060712 _grcr |
|
| 801 | 1 |
_aRU _bNLR _c20060712 |
|
| 942 | _cBOOK | ||
| 980 | _aNB | ||